000 00996nam a22003377a 4500
001 BR8203572
003 BR-BrBNA
005 20230928091340.0
007 ta
008 230509b bl.||||| |||| 00| 0 por d
040 _aBR-BrBNA
_bpor
_cBiblioteca Nacional de Agricultura
041 _a(Por)
072 _aP00; P10; K20
_b/G514
090 _ P00 BR8203572
100 1 _aDiniz, L.
100 1 _aAlves, M.B.M.
100 1 _aSa, R.M. da S.
110 1 _aMuseu Paraense Emilio Goeldi, Belem, PA (Brasil)
245 1 _aCarajas. Informacoes documentais [recurso natural, recurso hidrico, exploracao agricola, recurso florestal, Bibliografia, Para, Brasil]
_bv. 1
260 3 _aBelem, PA (Brasil):
_c1982.
300 _a148 p.
650 _aRECURSO NATURAL
650 _aRECURSO HIDRICO
650 _aRECURSO FLORESTAL
650 _aEXPLORACAO AGRICOLA
650 _aBIBLIOGRAFIA
650 _aCARAJAS
650 _aPARA
909 _a202309
_bLucia
_c55
_dLucia Elande
942 _cBK
999 _c33493
_d33493